<?xml version="1.0" encoding="UTF-8"?><marc:collection xmlns:marc="http://www.loc.gov/MARC21/slim">
  <marc:record>
    <marc:leader>00000nam  2200000za 4500</marc:leader>
    <marc:controlfield tag="001">9.833515</marc:controlfield>
    <marc:controlfield tag="003">CaOODSP</marc:controlfield>
    <marc:controlfield tag="005">20250910142445</marc:controlfield>
    <marc:controlfield tag="007">cr |||||||||||</marc:controlfield>
    <marc:controlfield tag="008">170315s2016    onca    o    f000 0 fre d</marc:controlfield>
    <marc:datafield tag="040" ind1=" " ind2=" ">
      <marc:subfield code="a">CaOODSP</marc:subfield>
      <marc:subfield code="b">fre</marc:subfield>
    </marc:datafield>
    <marc:datafield tag="043" ind1=" " ind2=" ">
      <marc:subfield code="a">n-cn---</marc:subfield>
    </marc:datafield>
    <marc:datafield tag="086" ind1="1" ind2=" ">
      <marc:subfield code="a">D2-376/2016F-PDF</marc:subfield>
    </marc:datafield>
    <marc:datafield tag="245" ind1="0" ind2="3">
      <marc:subfield code="a">La stratégie de performance intégrée de l'Armée canadienne </marc:subfield>
      <marc:subfield code="h">[ressource électronique] : </marc:subfield>
      <marc:subfield code="b">Triade de la performance dans l’Armée canadienne (3PAC) : guide du leader.</marc:subfield>
    </marc:datafield>
    <marc:datafield tag="246" ind1="3" ind2="0">
      <marc:subfield code="a">Triade de la performance dans l’Armée canadienne (3PAC) : </marc:subfield>
      <marc:subfield code="b">guide du leader</marc:subfield>
    </marc:datafield>
    <marc:datafield tag="260" ind1=" " ind2=" ">
      <marc:subfield code="a">[Ottawa] : </marc:subfield>
      <marc:subfield code="b">Défense nationale, </marc:subfield>
      <marc:subfield code="c">[2016]</marc:subfield>
    </marc:datafield>
    <marc:datafield tag="300" ind1=" " ind2=" ">
      <marc:subfield code="a">28 p. : </marc:subfield>
      <marc:subfield code="b">ill. en coul.</marc:subfield>
    </marc:datafield>
    <marc:datafield tag="500" ind1=" " ind2=" ">
      <marc:subfield code="a">Publ. aussi en anglais sous le titre : Canadian Army integrated performance strategy: Canadian Army Performance Triad (CAP3) : leader's guide.</marc:subfield>
    </marc:datafield>
    <marc:datafield tag="500" ind1=" " ind2=" ">
      <marc:subfield code="a">Titre de la couv.</marc:subfield>
    </marc:datafield>
    <marc:datafield tag="520" ind1=" " ind2=" ">
      <marc:subfield code="a">« La profession des armes exige des soldats qu’ils soient prêts à exécuter leurs tâches sept jours par semaine, à toute heure du jour ou de la nuit. Les soldats doivent donc être en bonne forme physique et mentale pour relever les défis inhérents à ces tâches. Les leaders y contribuent en veillant à ce que leurs subalternes soient bien dirigés, entraînés et équipés. Les soldats doivent être des « athlètes tactiques » dévoués à la mission qui recherchent sans cesse des moyens de s’améliorer. L’état de disponibilité opérationnelle de la grande famille militaire a un effet sur l’état de santé et de disponibilité opérationnelle des soldats. Les concepts de disponibilité opérationnelle et de résilience visent à intégrer et à synchroniser de multiples programmes à l’échelle de l’Armée canadienne visant à améliorer l’état de santé physique, cognitive et émotionnelle. La triade de la performance est un élément habilitant clé faisant la promotion de choix de vie sains par un équilibre entre la bonne quantité de sommeil, d’activités physiques et par une bonne nutrition en vue d’atteindre une performance optimale. Nous comptons sur les leaders de l’Armée canadienne. Ces derniers doivent être des exemples de niveau de préparation élevé et de grande résilience, pour accomplir la mission avec succès, à tous les coups. La mise en œuvre réussie de la triade l’exige que les leaders de tous les niveaux s’investissent sur les plans professionnel et personnel pour tout ce qui touche la santé et la conversation sur la santé. Nous savons que nous possédons les meilleurs soldats du monde. Il ne reste qu’à faire d’eux les soldats les plus en santé du monde »--Intro., p. 2.</marc:subfield>
    </marc:datafield>
    <marc:datafield tag="692" ind1="0" ind2="7">
      <marc:subfield code="2">gccst</marc:subfield>
      <marc:subfield code="a">Forces armées</marc:subfield>
    </marc:datafield>
    <marc:datafield tag="692" ind1="0" ind2="7">
      <marc:subfield code="2">gccst</marc:subfield>
      <marc:subfield code="a">Personnel militaire</marc:subfield>
    </marc:datafield>
    <marc:datafield tag="692" ind1="0" ind2="7">
      <marc:subfield code="2">gccst</marc:subfield>
      <marc:subfield code="a">Leadership</marc:subfield>
    </marc:datafield>
    <marc:datafield tag="710" ind1="1" ind2=" ">
      <marc:subfield code="a">Canada. </marc:subfield>
      <marc:subfield code="b">Ministère de la défense nationale.</marc:subfield>
    </marc:datafield>
    <marc:datafield tag="775" ind1="0" ind2="8">
      <marc:subfield code="t">Canadian Army integrated performance strategy </marc:subfield>
      <marc:subfield code="w">(CaOODSP)9.833514</marc:subfield>
    </marc:datafield>
    <marc:datafield tag="794" ind1=" " ind2=" ">
      <marc:subfield code="t">La stratégie de performance intégrée de l'Armée canadienne </marc:subfield>
      <marc:subfield code="w">(CaOODSP)9.844107</marc:subfield>
    </marc:datafield>
    <marc:datafield tag="856" ind1="4" ind2="0">
      <marc:subfield code="q">PDF</marc:subfield>
      <marc:subfield code="s">2.60 Mo</marc:subfield>
      <marc:subfield code="u">https://publications.gc.ca/collections/collection_2017/mdn-dnd/D2-376-2016-fra.pdf</marc:subfield>
    </marc:datafield>
  </marc:record>
</marc:collection>
